Mejoramiento genético III (Registro nro. 16466)

Detalles MARC
000 -CABECERA
Campo de control 010140000a22003250004500
041 0# - IDIOMA
Código de idioma para texto/pista de sonido o título separado
090 ## - CLASIFICACIÓN LOCAL
Colección MM
Consecutivo 00003
041 0# - IDIOMA
Código de idioma para texto/pista de sonido o título separado
044 ## - PAÍS DE PUBLICACIÓN
País de publicación
110 1# - ASIENTO PRINCIPAL--NOMBRE CORPORATIVO
Nombre corporativo o de jurisdicción como elemento de entrada Instituto Nacional de los Recursos Renovables y del Ambiente
-- INDERENA
245 10 - MENCION DE TITULO
Título Mejoramiento genético III
260 ## - PUBLICACION, DISTRIBUCION, ETC. (PIE DE IMPRENTA)
Lugar de publicación, distribución, etc. Bogotá
Nombre del editor, distribuidor, etc. INDERENA
Fecha de publicación, distribución, etc. 1992
300 ## - DESCRIPCION FISICA
Extensión 29 min.
Otros detalles físicos BETA
650 14 - ASIENTO SECUNDARIO DE MATERIA - TERMINO TEMATICO
Término temático o nombre geográfico como elemento de entrada Sivicultura
650 14 - ASIENTO SECUNDARIO DE MATERIA - TERMINO TEMATICO
Término temático o nombre geográfico como elemento de entrada Técnicas de cultivo
650 14 - ASIENTO SECUNDARIO DE MATERIA - TERMINO TEMATICO
Término temático o nombre geográfico como elemento de entrada Enraizamiento
650 14 - ASIENTO SECUNDARIO DE MATERIA - TERMINO TEMATICO
Término temático o nombre geográfico como elemento de entrada Cultivos forestales
650 14 - ASIENTO SECUNDARIO DE MATERIA - TERMINO TEMATICO
Término temático o nombre geográfico como elemento de entrada Pinos
650 14 - ASIENTO SECUNDARIO DE MATERIA - TERMINO TEMATICO
Término temático o nombre geográfico como elemento de entrada Eucaliptos
651 #4 - ASIENTO SECUNDARIO DE MATERIA - NOMBRE GEOGRAFICO
-- Cundinamarca
-- Colombia
651 #4 - ASIENTO SECUNDARIO DE MATERIA - NOMBRE GEOGRAFICO
-- Santander
-- Colombia
651 #4 - ASIENTO SECUNDARIO DE MATERIA - NOMBRE GEOGRAFICO
-- Tolima
-- Colombia
651 #4 - ASIENTO SECUNDARIO DE MATERIA - NOMBRE GEOGRAFICO
-- Magdalena
-- Colombia
651 #4 - ASIENTO SECUNDARIO DE MATERIA - NOMBRE GEOGRAFICO
-- Quindío
-- Colombia
651 #4 - ASIENTO SECUNDARIO DE MATERIA - NOMBRE GEOGRAFICO
-- Valle
-- Colombia
651 #4 - ASIENTO SECUNDARIO DE MATERIA - NOMBRE GEOGRAFICO
-- Vichada
-- Colombia
653 ## - TERMINO DE INDIZACION - NO CONTROLADO
-- Pinaceae
-- Pinus
-- Pinus patula
653 ## - TERMINO DE INDIZACION - NO CONTROLADO
-- Cupressaceae
-- Cupressus
-- Cupressus lusitanica
942 ## - ELEMENTOS ADICIONALES (KOHA)
Tipo de ítem CD-ROM
Existencias
Withdrawn status Lost status Sistema de Clasificación Damaged status No para préstamo Colección Ubicación Permanente Ubicación actual Fecha de adquisición Fuente de Valor Total Checkouts Número topográfico Inventario / Código de Barras Date last seen Ejemplar Price effective from Forma de adquisición Tipo de material
    Local     Audiovisual Bogotá Bogotá 09/02/2017 Inderena   AV-00003 018193 25/03/2015 Ej. 1 25/03/2015 Donación Betamax
    Local     Audiovisual Bogotá Bogotá 09/02/2017 Inderena   AV-00003 018194 25/03/2015 Ej. 2 25/03/2015 Donación Betamax
    Local     Audiovisual Bogotá Bogotá 09/02/2017 Inderena   AV-00003 018213 25/03/2015 Ej. 3 25/03/2015 Donación Betamax
    Local     Audiovisual Bogotá Bogotá 09/02/2017 Inderena   AV-00003 018214 25/03/2015 Ej. 4 25/03/2015 Donación Betamax
          Audiovisual Villa de Leyva Villa de Leyva 27/02/2015 INDERENA   MM 00003 AUTO_19808 25/03/2015   25/03/2015   CD-ROM
          Audiovisual Villa de Leyva Villa de Leyva 27/02/2015 INDERENA   MM 00003 AUTO_19809 25/03/2015   25/03/2015   CD-ROM
          Audiovisual Villa de Leyva Villa de Leyva 27/02/2015 INDERENA   MM 00003 AUTO_19810 25/03/2015   25/03/2015   CD-ROM
          Audiovisual Villa de Leyva Villa de Leyva 27/02/2015 INDERENA   MM 00003 AUTO_19811 25/03/2015   25/03/2015   CD-ROM